000
00216nam a2200097Ia 4500
001
641745
005
20250826153513.0
008
250824s9999 xx 000 0 und d
245
0
_a
ATLA
_c
MERCAN AYTUNA
260
_b
TUDEM
999
_c
641745
_d
641745